<?xml version="1.0" encoding="UTF-8"?>
<collection xmlns="http://www.loc.gov/MARC21/slim">
 <record>
  <leader>01234nam a22002057a 4500</leader>
  <controlfield tag="001">NCT_55243</controlfield>
  <controlfield tag="008">181109b        xxu||||| |||| 00| 0 vie d</controlfield>
  <datafield tag="999" ind1=" " ind2=" ">
   <subfield code="c">2659</subfield>
   <subfield code="d">2659</subfield>
  </datafield>
  <datafield tag="020" ind1=" " ind2=" ">
   <subfield code="a">9786045118276</subfield>
   <subfield code="c">63000</subfield>
  </datafield>
  <datafield tag="082" ind1="0" ind2="4">
   <subfield code="2">23rd ed.</subfield>
   <subfield code="a">002.09</subfield>
   <subfield code="b">H561</subfield>
  </datafield>
  <datafield tag="245" ind1="0" ind2="0">
   <subfield code="a">Lịch sử của sách</subfield>
   <subfield code="c">Mai Hương (sưu tầm, biên soạn)</subfield>
  </datafield>
  <datafield tag="260" ind1=" " ind2=" ">
   <subfield code="a">H.</subfield>
   <subfield code="b">Quân đội nhân dân</subfield>
   <subfield code="c">2015</subfield>
  </datafield>
  <datafield tag="300" ind1=" " ind2=" ">
   <subfield code="a">251 tr.</subfield>
   <subfield code="c">21cm</subfield>
  </datafield>
  <datafield tag="520" ind1="3" ind2=" ">
   <subfield code="a">Sách trình bày chi tiết sự ra đời và phát triển của sách, cũng như xã hội trong giai đoạn nó tồn tại từ đó giúp bạn đọc có cái nhìn xuyên suốt về quá trình phát triển của sách và vai trò của nó trong cuộc sông con người.</subfield>
  </datafield>
  <datafield tag="653" ind1=" " ind2=" ">
   <subfield code="a">Sách tham khảo</subfield>
  </datafield>
  <datafield tag="700" ind1="1" ind2=" ">
   <subfield code="a">Mai Hương </subfield>
   <subfield code="e">sưu tầm, biên soạn</subfield>
  </datafield>
  <datafield tag="942" ind1=" " ind2=" ">
   <subfield code="2">ddc</subfield>
   <subfield code="c">BK</subfield>
  </datafield>
  <datafield tag="952" ind1=" " ind2=" ">
   <subfield code="0">0</subfield>
   <subfield code="1">0</subfield>
   <subfield code="2">ddc</subfield>
   <subfield code="4">0</subfield>
   <subfield code="6">002_090000000000000_H561</subfield>
   <subfield code="7">0</subfield>
   <subfield code="9">14861</subfield>
   <subfield code="a">000001</subfield>
   <subfield code="b">000001</subfield>
   <subfield code="d">2018-11-09</subfield>
   <subfield code="o">002.09 H561</subfield>
   <subfield code="p">TK.00480</subfield>
   <subfield code="r">2018-11-09</subfield>
   <subfield code="v">63000.00</subfield>
   <subfield code="w">2018-11-09</subfield>
   <subfield code="y">BK</subfield>
  </datafield>
  <datafield tag="952" ind1=" " ind2=" ">
   <subfield code="0">0</subfield>
   <subfield code="1">0</subfield>
   <subfield code="2">ddc</subfield>
   <subfield code="4">0</subfield>
   <subfield code="6">002_090000000000000_H561</subfield>
   <subfield code="7">0</subfield>
   <subfield code="9">14899</subfield>
   <subfield code="a">000001</subfield>
   <subfield code="b">000001</subfield>
   <subfield code="d">2018-11-23</subfield>
   <subfield code="o">002.09 H561</subfield>
   <subfield code="p">TK.00481</subfield>
   <subfield code="r">2018-11-23</subfield>
   <subfield code="v">63000.00</subfield>
   <subfield code="w">2018-11-23</subfield>
   <subfield code="y">BK</subfield>
  </datafield>
  <datafield tag="980" ind1=" " ind2=" ">
   <subfield code="a">Thư viện Trường Đại học Nam Cần Thơ</subfield>
  </datafield>
 </record>
</collection>
